| 000 | 00370 a2200145 4500 | ||
|---|---|---|---|
| 082 | _a547 | ||
| 090 |
_c6532 _d6532 |
||
| 100 | _aAzeem,M.A | ||
| 245 |
_aModern In-Organic Chemistry _cPro.M.A.Azeem |
||
| 250 | _a1st. | ||
| 260 |
_aKarachi _bFederal Urdu University Science & Technology _c2006. |
||
| 300 | _a514p. | ||
| 500 | _aPaper cover | ||
| 942 |
_aNBS _cBK _k547 AZE |
||
| 999 |
_c348891 _d348891 |
||